000 00223nam a2200097Ia 4500
005 20251222114347.0
008 251222s1900||||xx |||||||||||||| ||spa||
082 _aDVD0010/G81/2000
245 0 _aDuelo de Halcones:
942 _cDVD
999 _c1082
_d1082